|
|
|
|
| LEADER |
00823cam a2200229 7i4500 |
| 001 |
0000082501 |
| 005 |
20240605090000.0 |
| 020 |
|
|
|a 9789264397484 (electronic book)
|
| 090 |
0 |
0 |
|a TP245.H4
|b C63 2019
|
| 245 |
0 |
0 |
|a Coal 2019 :
|b analysis and forecasts to 2024.
|
| 264 |
|
|
|a Paris:
|b IEA Publications,
|c 2019.
|
| 300 |
|
|
|a 1 online resource (165 pages):
|b colour illustrations, text file, PDF.
|
| 336 |
|
|
|a text
|2 rdacontent
|
| 337 |
|
|
|a computer
|2 rdamedia
|
| 338 |
|
|
|a online resource
|2 rdacarrier
|
| 650 |
|
0 |
|a Coal trade
|
| 650 |
|
0 |
|a Coal mines and mining
|
| 655 |
|
0 |
|a Electronic books
|
| 856 |
4 |
2 |
|u http://library.unisel.edu.my/web/guest/mylibrary
|
| 997 |
|
|
|a Engineering & Life Sciences, Faculty
|b Engineering, Department
|
| 998 |
|
|
|a Civil Engineering, Degree
|
| 999 |
|
|
|a EBO0023024
|b EBOOK
|c EBOOK
|e Electronic resources
|